Airlines at CDG/ORY (Paris) - Statistics

General Stats
  • This quiz has been taken 1,099 times
    1,030 since last reset
  • The average score is 58 of 128
Answer Stats
Answer % Correct
Air France
95%
American Airlines
92%
British Airways
92%
Delta Air Lines
91%
Emirates
91%
United Airlines
90%
Lufthansa
89%
KLM
88%
Aeroflot
87%
Air Canada
86%
Iberia
85%
Air China
84%
Qatar Airways
84%
Etihad
82%
Aer Lingus
81%
All Nippon Airways (ANA)
81%
Swiss Airlines International
80%
TAP Portugal
80%
Turkish Airlines
80%
Air India
79%
Alitalia
79%
Scandinaivain Airlines
79%
Singapore Airlines
79%
Aeromexico
78%
Japan Airlines
78%
China Southern
77%
LOT Polish Airlines
77%
China Eastern
76%
Thai Airways
76%
easyJet
75%
Korean Air
75%
Egyptair
74%
LATAM
74%
Finnair
73%
Saudia
71%
Austrian
70%
Aegean Airlines
69%
Brussels Airlines
69%
El Al
69%
Ethiopian Airlines
69%
Royal Air Maroc
69%
Cathay Pacific
65%
Norwegian
64%
Icelandair
61%
Royal Jordanian
61%
Asiana
60%
EVA Air
60%
Oman Air
57%
Air Algerie
54%
Vueling
54%
Vietnam Airlines
53%
Eurowings
51%
airBaltic
50%
Gulf Air
49%
Kenya Airways
49%
Air Mauritius
48%
Air Serbia
47%
Transavia
47%
Tunisair
47%
Air Malta
46%
TAROM
45%
Middle East Airlines
43%
Pakistan International Airlines
43%
Air Transat
41%
Czech Airlines
41%
Iran Air
41%
Hainan Airlines
40%
Pegasus
40%
Air Astana
39%
Air Europa
38%
Croatia Airlines
38%
Ukraine International Airlines
38%
Kuwait Airways
37%
Luxair
37%
Air Berlin
36%
Azerbaijan Airlines
35%
Air Austral
34%
Air Tahiti Nui
33%
Bulgaria Air
32%
Flybe
32%
Wow
32%
Corsair International
29%
Jet Airways
29%
Air Caraibes
28%
Turkmenistan Airlines
28%
Belavia
27%
Hop!
27%
Air Arabia Maroc
26%
Jet2
26%
Uzbekistan Airways
26%
Air Corsica
25%
Air Seychelles
24%
XL Airways France
24%
Air Madagascar
23%
Adria
21%
Rossiya
20%
Sun Express
20%
TUIFly
19%
La Compagnie
17%
Mahan Air
17%
Azores Airlines
16%
Montenegro Airlines
16%
Ural Airlines
14%
Smart Wings
13%
Air Cairo
12%
Arkia
12%
Cubana
12%
ASL Airlines France
11%
Israir Airlines
11%
Aigle Azur
9%
French Blue
9%
Onur Air
9%
BMI Regional
8%
FlyOne
7%
Freebird Airlines
7%
TACV Cabo Verde Airlines
7%
Air Nostrum
6%
Enter Air
6%
Twin Jet
6%
Cobalt Air
5%
Nordica
5%
Atlas Global
4%
City Jet
4%
Eastern Airways
4%
Tassili Airlines
4%
Cam Air-Co
3%
Open Skies
2%
Primera Air
2%
No matching quizzes found
Score Distribution
Percent of People with Each Score
Percentile by Number Answered
Your Score History
You have not taken this quiz since the last reset